000 00657nam a22002297a 4500
005 20170124105944.0
010 _a169677
020 _c00.00
035 _a169677
037 _bCen Lib/Ret
040 _aDPL
_bEN
082 _a335.4
_bSWE
100 _aSweezy, Paul M.
_911905
245 _aThe theory of capitalist development :
_cby Paul M. Sweezy
_bprinciples of Marxian political economy /
260 _aNew York
_bMonthly Review Press
_c1956
270 _bNew York
300 _axxvi,398p.
_c21cm(Hb)
500 _aIncludes index
650 _aEconomics
_980641
650 _aSocialism
_99251
942 _2ddc
_cEN
_h335.4
_mSWE
999 _c124777
_d124777